000 01615cam a22003734a 4500
005 20260322212004.0
008 data
010 _a 2001056853
020 _a0743224779
020 _a9780743224772
040 _aDLC
_cDLC
_dDLC
042 _apcc
050 0 0 _aGV546.5
_b.S74 2002
082 0 0 _a646.7/5
_221
092 _a646.7 S74 2002
100 1 _aSteinfeld, Jake.
245 1 0 _aGet strong :
_bBody by Jake's guide to building confidence, muscles, and a great future for teenage guys /
_cJake Steinfeld & Jake Steinfeld.
260 _aNew York :
_bSimon and Schuster,
_cc2002.
300 _axix, 154 p. :
_bill. ;
_c24 cm.
500 _aIncludes index.
650 0 _aBodybuilding.
650 0 _aTeenage boys
_xPsychology.
650 0 _aSuccess.
700 1 _aSteinfeld, Jake.
_tBody by Jake.
856 4 2 _3Contributor biographical information
_uhttp://www.loc.gov/catdir/bios/simon052/2001056853.html
856 4 2 _3Publisher description
_uhttp://www.loc.gov/catdir/description/simon031/2001056853.html
856 4 1 _3Table of contents only
_uhttp://www.loc.gov/catdir/enhancements/fy0631/2001056853-t.html
856 4 1 _3Sample text
_uhttp://www.loc.gov/catdir/enhancements/fy0641/2001056853-s.html
906 _a7
_bcbc
_corignew
_d1
_eocip
_f20
_gy-gencatlg
925 0 _aacquire
_b2 shelf copies
_xpolicy default
955 _esj05 2001-11-14 to DEWEY
_fsj05 2002-04-11;
_gsj05 2002-04-11 to BCCD
001 data
999 _c54
_d54